Manual sobre Derecho de Sociedades
Uloženo v:
| Hlavní autoři: | , |
|---|---|
| Médium: | Kniha |
| Jazyk: | španělština |
| Vydáno: |
Santiago
Universidad Católica de Chile
2014
|
| Vydání: | 1a. ed |
| Edice: | Textos Universitarios
|
| Témata: | |
| Tagy: |
Přidat tag
Žádné tagy, Buďte první, kdo vytvoří štítek k tomuto záznamu!
|
MARC
| LEADER | 00000cam a2200000 a 4500 | ||
|---|---|---|---|
| 001 | UCE1614 | ||
| 003 | CL-VaPUC | ||
| 008 | 140502e20140000cl |||||||||||||||||spa|d | ||
| 020 | |a 9789561414037 | ||
| 082 | 0 | 4 | |a 346.07 |b GUE |2 21 |
| 100 | 0 | |a Guerrero Valenzuela, Roberto |e author |9 573964 | |
| 700 | 0 | |a Zegers Ruiz-Tagle, Matías |e author |9 573965 | |
| 245 | 1 | 0 | |a Manual sobre Derecho de Sociedades |
| 250 | |a 1a. ed | ||
| 300 | |a 297 p | ||
| 942 | |c BK | ||
| 945 | |d 20140502 10:02:00 |a dcastane | ||
| 260 | |a Santiago |b Universidad Católica de Chile |c 2014 | ||
| 650 | 0 | |a Derecho comercial |9 256340 | |
| 650 | 7 | |a DERECHO DE SOCIEDADES |2 CL-VaPUC |9 573966 | |
| 650 | 0 | |a Asociaciones |9 257659 | |
| 650 | 0 | |a Personas jurídicas |9 257259 | |
| 583 | |a last modification |c 20140502 10:02:00 |k Rodrigo Vera | ||
| 490 | 0 | |a Textos Universitarios | |
| 999 | |c 355354 |d 355352 | ||
| 952 | |0 0 |1 0 |3 erb |4 0 |6 346_070000000000000_GUE_2014 |7 0 |8 A |9 462048 |a BIBDER |b BIBDER |i 5073642 |l 6 |m 3 |o 346.07 GUE 2014 |p 5073642 |q 2025-12-31 |r 2024-09-05 |s 2024-09-05 |w 2019-11-23 |y BK |z Catalogado en:20140502 |k DER | ||
| 952 | |0 0 |1 0 |3 erb |4 0 |6 346_070000000000000_GUE_2014 |7 0 |8 A |9 462049 |a BIBDER |b BIBDER |i 5093147 |l 1 |m 6 |o 346.07 GUE 2014 |p 5093147 |q 2025-12-31 |r 2020-03-04 |s 2020-03-04 |w 2019-11-23 |y BK |z Catalogado en:20150416 |k DER | ||